Zaragoza
Uloženo v:
| Hlavní autor: | |
|---|---|
| Médium: | Kniha |
| Jazyk: | španělština |
| Vydáno: |
Madrid
Alianza-Hernando
1979
|
| Vydání: | 2a. ed |
| Edice: | Episodios Nacionales, 6. Primera Serie
|
| Témata: | |
| Tagy: |
Přidat tag
Žádné tagy, Buďte první, kdo vytvoří štítek k tomuto záznamu!
|
MARC
| LEADER | 00000nam a2200000 a 4500 | ||
|---|---|---|---|
| 001 | UCQ5408 | ||
| 003 | CL-VaPUC | ||
| 008 | 980925e19790000SP |||||||||||||||||spa|d | ||
| 082 | 0 | 4 | |a 863 |b PER |2 21 |
| 100 | 0 | |a Pérez Galdós, Benito |e author |9 318144 | |
| 245 | 1 | 0 | |a Zaragoza |
| 250 | |a 2a. ed | ||
| 300 | |a 185 p | ||
| 942 | |c BK | ||
| 945 | |d 19980925 00:00:00 |a crobeson | ||
| 260 | |a Madrid |b Alianza-Hernando |c 1979 | ||
| 650 | 0 | |a Novelas españolas |9 265052 | |
| 650 | 0 | |a Literatura española |9 306261 | |
| 583 | |a last modification |c 19980925 00:00:00 |k Rodrigo Vera | ||
| 490 | 0 | |a Episodios Nacionales, 6. Primera Serie | |
| 999 | |c 275620 |d 275618 | ||
| 952 | |0 0 |1 0 |4 0 |6 863_000000000000000_PER_1979 |7 0 |8 A |9 312401 |a BIBEDU |b BIBEDU |d 2019-11-20 |i 1472364 |o 863 PER 1979 |p 1472364 |r 2019-11-20 |w 2019-11-20 |y BK |k LIT | ||